000 02111cam a2200529 i 4500
999 _c1482
_d1482
001 19090151
003 OSt
005 20221230141430.0
008 160511t20172017mnua j 001 0beng d
010 _a 2016941381
020 _a9781680792386
_q(hardback)
035 _a(OCoLC)ocn944304398
040 _aYDXCP
_beng
_cYDXCP
_erda
_dBTCTA
_dOCLCQ
_dBDX
_dOCP
_dOCLCO
_dSINLB
_dOCLCF
_dCKE
_dZQP
_dOCLCO
_dOCL
_dTXYCL
_dDLC
_dKH8
042 _alccopycat
043 _aa-ii---
082 0 4 _a954.03 STR
_aB
_223
100 1 _aStrand, Jennifer,
_eauthor.
245 1 0 _aMahatma Gandhi /
_cJennifer Strand.
264 1 _aMinneapolis, Minnesota :
_bAbdo Zoom,
_c[2017]
264 4 _c©2017
300 _a24 pages :
_billustrations ;
_c21 cm.
336 _atext
_btxt
_2rdacontent
337 _aunmediated
_bn
_2rdamedia
338 _avolume
_bnc
_2rdacarrier
490 1 _aZoom in on legendary leaders
500 _aIncludes index.
500 _a"Abdo Zoom"--Back cover.
505 0 _aIntroduction -- Early life -- Leader -- History maker -- Legacy -- Quick stats -- Key dates -- Glossary -- Booklinks -- Index.
520 _aDetails the life and career of the Indian statesman and nationalist, from his youth to his civil disobedience to his assassination.
600 1 0 _aGandhi,
_cMahatma,
_d1869-1948
_vJuvenile literature.
600 1 1 _aGandhi,
_cMahatma,
_d1869-1948.
600 1 7 _aGandhi,
_cMahatma,
_d1869-1948.
_2fast
_0(OCoLC)fst00033822
650 0 _aStatesmen
_zIndia
_vBiography
_vJuvenile literature.
650 1 _aStatesmen.
650 1 _aNationalists.
650 4 _aAccelerated reader.
650 7 _aStatesmen.
_2fast
_0(OCoLC)fst01131990
651 7 _aIndia.
_2fast
_0(OCoLC)fst01210276
655 7 _aBiographies.
_2fast
_0(OCoLC)fst01919896
655 7 _aBiography.
_2fast
_0(OCoLC)fst01423686
655 7 _aJuvenile works.
_2fast
_0(OCoLC)fst01411637
655 7 _aBiographies.
_2lcgft
800 1 _aStrand, Jennifer.
_tZoom in on legendary leaders.
906 _a7
_bcbc
_ccopycat
_d2
_encip
_f20
_gy-gencatlg
942 _2ddc
_cNFIC